Fire prevention on construction sites (Record no. 115597)

MARC details
000 -LEADER
fixed length control field 01396cam a2200277 4500
001 - CONTROL NUMBER
control field L158952
008 - FIXED-LENGTH DATA ELEMENTS--GENERAL INFORMATION
fixed length control field 060303n2012 000 0 eng u
020 ## - INTERNATIONAL STANDARD BOOK NUMBER
International Standard Book Number 9781902790794
035 ## - SYSTEM CONTROL NUMBER
System control number (Sirsi) u158952
041 0# - LANGUAGE CODE
Language code of text/sound track or separate title eng
050 04 - LIBRARY OF CONGRESS CALL NUMBER
Classification number 690.22 $2 18
110 2# - MAIN ENTRY--CORPORATE NAME
Corporate name or jurisdiction name as entry element Fire Protection Association
9 (RLIN) 231
245 00 - TITLE STATEMENT
Title Fire prevention on construction sites
Remainder of title the joint code of practice on the protection from fire of construction sites and buildings undergoing renovation
-- incorporating construction site fire prevention checklist
250 ## - EDITION STATEMENT
Edition statement 8th ed.
260 ## - PUBLICATION, DISTRIBUTION, ETC.
Place of publication, distribution, etc. Birmingham
Name of publisher, distributor, etc. Construction Industry Publications
Place of publication, distribution, etc. Moreton-in-Marsh
Name of publisher, distributor, etc. Fire Protection Association
Date of publication, distribution, etc. 2012
300 ## - PHYSICAL DESCRIPTION
Extent 56p.
Dimensions 2012
350 ## - PRICE (NR) (BK AM CF MU VM SE) [OBSOLETE]
Price 30
520 ## - SUMMARY, ETC.
Summary, etc. Sets out a series of measures which can be undertaken at the design and construction phase which will help prevent fires on construction sites. Includes an updated fire prevention checklist designed to be used in conjunction with Joint Code of Practice 8th Edition. The checklist converts the joint code in to a series of questions which should be asked to establish whether or not fire precautions on site are comprehensive and adequate.
590 ## - LOCAL NOTE (RLIN)
Local note IKA230806
650 ## - SUBJECT ADDED ENTRY--TOPICAL TERM
Topical term or geographic name entry element MANAGEMENT-HEALTH AND SAFETY-FIRE SAFETY
651 #4 - SUBJECT ADDED ENTRY--GEOGRAPHIC NAME
Geographic name United Kingdom
Chronological subdivision
690 ## - LOCAL SUBJECT ADDED ENTRY--TOPICAL TERM (OCLC, RLIN)
Topical term or geographic name as entry element Health and safety
9 (RLIN) 6244
710 2# - ADDED ENTRY--CORPORATE NAME
Corporate name or jurisdiction name as entry element Contractors Legal Group
9 (RLIN) 6163
942 ## - ADDED ENTRY ELEMENTS (KOHA)
Suppress in OPAC 0
Holdings
Withdrawn status Lost status Source of classification or shelving scheme Damaged status Not for loan Home library Current library Shelving location Date acquired Total Checkouts Full call number Barcode Date last seen Copy number Price effective from Koha item type
    Dewey Decimal Classification     London London Folio 23/10/2015   F690.22 CON 30078825 06/08/2019 1 06/08/2019 Book